| 000 | 00557nam a2200193Ia 4500 | ||
|---|---|---|---|
| 999 |
_c3472 _d3472 |
||
| 003 | OSt | ||
| 005 | 20200820111959.0 | ||
| 008 | 190216s9999||||xx |||||||||||||| ||und|| | ||
| 020 | _a9780070085534 | ||
| 040 | _coclc | ||
| 082 |
_a541.3076 _bMET/P |
||
| 100 |
_aMetz, Clyde R _94225 |
||
| 245 | 0 |
_aPhysical Chemistry / _cClyde R Metz |
|
| 250 | _a2nd Ed. | ||
| 260 |
_bTata Mcgraw-Hill Education Private Limited, _c2009. _aNew Delhi: |
||
| 300 | _a508p | ||
| 650 | _aChemistry | ||
| 942 |
_cBK _2ddc _h541.3076 _iMET/P _k541.3076 _mMET/P |
||